书目信息 |
| 题名: |
教师如何预防职业倦怠
|
|
| 作者: | 黄珊 , 崔心平 编著 | |
| 分册: | ||
| 出版信息: | 乌鲁木齐 新疆青少年出版社 2009 |
|
| 页数: | 231页 | |
| 开本: | 23cm | |
| 丛书名: | ||
| 单 册: | ||
| 中图分类: | G443 | |
| 科图分类: | ||
| 主题词: | 教师心理学 | |
| 电子资源: | ||
| ISBN: | 978-7-5371-7084-0 | |
| 000 | 00695nam0 2200229 45 | |
| 001 | 1033008718 | |
| 005 | 20100408163519.65 | |
| 010 | @a978-7-5371-7084-0@dCNY28.00 | |
| 100 | @a20100331d2009 em y0chiy50 ea | |
| 101 | 0 | @achi |
| 102 | @aCN@b650000 | |
| 105 | @aa z 000yy | |
| 106 | @ar | |
| 200 | 1 | @a教师如何预防职业倦怠@AJiao Shi Ru He Yu Fang Zhi Ye Juan Dai@f黄珊,崔心平编著@FHuang Shan, Cui Xin Ping Bian Zhu |
| 210 | @a乌鲁木齐@c新疆青少年出版社@d2009 | |
| 215 | @a231页@c图@d23cm | |
| 606 | 0 | @a教师心理学 |
| 690 | @aG443@v4 | |
| 701 | 0 | @a黄珊@AHuang Shan@4编著 |
| 701 | 0 | @a崔心平@ACui Xin Ping@4编著 |
| 801 | 0 | @aCN@bTANGWEI@c20100408 |
| 905 | @b0587440-44@dG443@e181@f5 | |
| 教师如何预防职业倦怠/黄珊,崔心平编著.-乌鲁木齐:新疆青少年出版社,2009 |
| 231页:图;23cm |
| ISBN 978-7-5371-7084-0:CNY28.00 |
| ● |
| 相关链接 |
|
|
|
|
正题名:教师如何预防职业倦怠
索取号:G443/181
 
预约/预借
| 序号 | 登录号 | 条形码 | 馆藏地/架位号 | 状态 | 备注 |
| 1 | 0587440 | 205874400 | 第一样本阅览室/ [索取号:G443/181] | 在馆 | |
| 2 | 0587441 | 205874419 | 第四借阅区/ [索取号:G443/181] | 在馆 | |
| 3 | 0587442 | 205874428 | 第四借阅区/ [索取号:G443/181] | 在馆 | |
| 4 | 0587443 | 205874437 | 第四借阅区/ [索取号:G443/181] | 在馆 | |
| 5 | 0587444 | 205874446 | 第四借阅区/ [索取号:G443/181] | 在馆 |